Документная лингвистика: учебное пособие
| Yazar: | |
|---|---|
| Müşterek Yazar: | |
| Özet: | Заглавие с титульного экрана В пособии, основанном на обобщении действующей нормативной базы и практики работы с документами, показаны эволюция правил оформления документов, приемов и методов их составления и обработки, а также влияние технических средств на развитие делопроизводства. Уделено внимание технике личной работы с документами. Пособие предназначено для студентов, изучающих менеджмент и документационное обеспечение управления. Режим доступа: из корпоративной сети ТПУ |
| Dil: | Rusça |
| Baskı/Yayın Bilgisi: |
Томск, Изд-во ТПУ, 2010
|
| Konular: | |
| Online Erişim: | http://www.lib.tpu.ru/fulltext2/m/2011/m158.pdf |
| Materyal Türü: | Elektronik Kitap |
| KOHA link: | https://koha.lib.tpu.ru/cgi-bin/koha/opac-detail.pl?biblionumber=195198 |
MARC
| LEADER | 00000nlm0a2200000 4500 | ||
|---|---|---|---|
| 001 | 195198 | ||
| 005 | 20231224103559.0 | ||
| 035 | |a (RuTPU)RU\TPU\book\212934 | ||
| 090 | |a 195198 | ||
| 100 | |a 20110504d2010 m y0rusy50 ca | ||
| 101 | 0 | |a rus | |
| 102 | |a RU | ||
| 105 | |a a j 001zy | ||
| 135 | |a drgn ---uucaa | ||
| 181 | 0 | |a i | |
| 182 | 0 | |a b | |
| 200 | 1 | |a Документная лингвистика |e учебное пособие |f Е. Н. Роготнева |g Национальный исследовательский Томский политехнический университет (ТПУ) | |
| 203 | |a Текст |c электронный | ||
| 210 | |a Томск |c Изд-во ТПУ |d 2010 | ||
| 300 | |a Заглавие с титульного экрана | ||
| 330 | |a В пособии, основанном на обобщении действующей нормативной базы и практики работы с документами, показаны эволюция правил оформления документов, приемов и методов их составления и обработки, а также влияние технических средств на развитие делопроизводства. Уделено внимание технике личной работы с документами. Пособие предназначено для студентов, изучающих менеджмент и документационное обеспечение управления. | ||
| 333 | |a Режим доступа: из корпоративной сети ТПУ | ||
| 337 | |a Adobe Reader | ||
| 606 | 1 | |a Документоведение |2 stltpush |3 (RuTPU)RU\TPU\subj\9867 |9 37026 | |
| 610 | 1 | |a электронный ресурс | |
| 610 | 1 | |a труды учёных ТПУ | |
| 610 | 1 | |a учебные пособия | |
| 610 | 1 | |a лингвистика | |
| 610 | 1 | |a документы | |
| 610 | 1 | |a оформление | |
| 610 | 1 | |a обработка | |
| 610 | 1 | |a составление | |
| 610 | 1 | |a делопроизводственные документы | |
| 610 | 1 | |a делопроизводство | |
| 610 | 1 | |a менеджмент | |
| 610 | 1 | |a документационное обеспечение | |
| 610 | 1 | |a служебные документы | |
| 610 | 1 | |a деловое письмо | |
| 610 | 1 | |a документная лингвистика | |
| 610 | 1 | |a документные коммуникации | |
| 675 | |a 651.4/.9(075.8) |v 3 | ||
| 700 | 1 | |a Роготнева |b Е. Н. |c социолог |c доцент Томского политехнического университета, кандидат философских наук |f 1976- |g Елена Николаевна |3 (RuTPU)RU\TPU\pers\26989 |9 12580 | |
| 712 | 0 | 2 | |a Национальный исследовательский Томский политехнический университет (ТПУ) |c (2009- ) |3 (RuTPU)RU\TPU\col\15902 |
| 801 | 1 | |a RU |b 63413507 |c 20110504 | |
| 801 | 2 | |a RU |b 63413507 |c 20130610 |g RCR | |
| 856 | 4 | |u http://www.lib.tpu.ru/fulltext2/m/2011/m158.pdf | |
| 942 | |c CF | ||